000 00876nam a22002777a 4500
001 BR0601066
003 BR-BrBNA
005 20230928102104.0
007 ta
008 230509b bl.||||| |||| 00| 0 por d
040 _aBR-BrBNA
_bpor
_cBiblioteca Nacional de Agricultura
041 _a(Por)
072 _aC10; E70
090 _ C10 BR0601066
100 1 _aOliveira, I.S. de
110 1 _aMinistério da Agricultura, Pecuária e Abastecimento, Brasília, DF (Brasil)
110 1 _aUniversidade de Brasília, DF (Brasil)
_910455
245 1 _aCoordenação de laboratório vegetal - CLAV
_bCurso de Formação para os candidatos ao Cargo de Fiscal Federal Agropecuário
260 3 _aBrasília, DF (Brasil):
_c2002.
300 _avp.
650 _aCURSO
650 _aLABORATÓRIO
650 _aQUALIDADE
909 _a202309
_bLucia
_c55
_dLucia Elande
942 _cBK
999 _c69090
_d69090